000 00504nam a22001697a 4500
003 BD-DhUL
005 20160830103243.0
008 160830b xxu||||| |||| 00| 0 eng d
040 _cBD-DhUL
082 _a922.97
_bALA
100 _aফজল, আবুল
245 _aহযরত আলী /
_cফজল, আবুল
260 _aঢাকা :
_bআহমদ,
_c১৯৭৮.
300 _a২৩১পৃ. ;
_c২২ সেমি.
650 _aজীবনী
_vBiogtraphy
942 _2ddc
_cBK
999 _c102727
_d102727